Szczegóły MARC21

Zwyciężaj sam siebie.

003 -Nazwa inst., której nr kontr. jest w polu 001 [,]
    • @
    • Nazwa instytucji, której n kontrolny jest w polu 001
    • NUKAT
005 -DATA I CZAS OSTATNIEJ MODYFIKACJI [,]
    • @
    • pole kontrolne
    • 20241231095816.0
040 -Instytucja sporządzająca opis [ , ]
    • a
    • Instytucja, która sporządziła opis (NP)
    • Ł U/mm
    • c
    • Instytucja, która sporządziła rekord (NP)
    • Ł U/mm
    • d
    • Instytucja, która zmodyfikowała rekord (P)
    • Ł U/BM
942 -Rodzaj dokumentu [ , ]
    • c
    • Rodzaj dokumentu
    • Książka
245 -Strefa tytułu i oznaczenia odpowiedzialności [0,0]
    • a
    • Tytuł
    • Zwyciężaj sam siebie. Find
260 -Strefa adresu wydawniczego [ , ]
    • a
    • Miejsce wydania (P)
    • Kraków :
    • b
    • Nazwa wydawcy (P)
    • Harcerska Oficyna Wydawnicza,
    • c
    • Data wydania (P)
    • 1987.
300 -Strefa opisu fizycznego [ , ]
    • a
    • Określenie formy książki i/lub objętość (NP)
    • 131 s. :
    • b
    • Oznaczenie ilustracji (NP)
    • il. ;
    • c
    • Format (NP)
    • 21 cm.
336 -Typ zawartości [ , ]
    • a
    • Termin opisujący typ zawartości
    • Tekst
    • b
    • Kod określający zawartość
    • txt
    • 2
    • Źródło (terminu i kodu)
    • rdacontent
337 -Typ mediów [ , ]
    • a
    • Tryb odtwarzania
    • Bez urządzenia pośredniczącego
    • b
    • Kod typu mediów
    • n
    • 2
    • Źródło (terminu i kodu)
    • rdamedia
338 -Typ/rodzaj nośnika [ , ]
    • a
    • Hasło opisujące typ nośnika
    • Wolumin
    • b
    • Kod typu nośnika
    • nc
    • 2
    • Źródło (terminu i kodu)
    • rdacarrier
500 -Uwaga ogólna [ , ]
    • a
    • Uwaga ogólna (NP)
    • U góry okł. nazwa aut. pierwszej pracy.
505 -Uwaga dot. zawartości książki [0, ]
    • a
    • Uwaga dot. zawartości książki
    • Samowychowanie / Bogusław Śliwerski ; Siła jest w tobie / Grzegorz Michalski ; Zastanów się przez chwilę / Iwonna Michalska.
080 -Uniwersalna Klasyfikacja Dziesiętna [ , ]
    • 2
    • Identyfikator wydania tablic
    • UDC-P058
    • a
    • Symbol klasyfikacji
    • 37.041
    • b
    • Dopowiedzenie
    • Uczenie się. Samokształcenie. Samouctwo. Autodydaktyka.
    • x
    • Poddział wspólny
    • (438)
    • b
    • Dopowiedzenie
    • (Polska).
    • x
    • Poddział wspólny
    • "19"
    • b
    • Dopowiedzenie
    • Wiek XX.
080 -Uniwersalna Klasyfikacja Dziesiętna [ , ]
    • 2
    • Identyfikator wydania tablic
    • UDC-P058
    • a
    • Symbol klasyfikacji
    • 329.78
    • b
    • Dopowiedzenie
    • Organizacje i ruchy młodzieżowe. Harcerstwo. Skauting.
    • x
    • Poddział wspólny
    • (438)
    • b
    • Dopowiedzenie
    • (Polska).
    • x
    • Poddział wspólny
    • "19"
    • b
    • Dopowiedzenie
    • Wiek XX.
980 -Symbol UKD [ , ]
    • a
    • UKD
    • 37.041:329.78](438)"19"Związek Harcerstwa Polskiego
700 -Hasło dodatkowe - nazwa osobowa [1,2]
    • a
    • Nazwa osobowa (NP)
    • Śliwerski, Bogusław Find
    • d
    • Daty biograficzne (NP)
    • (1954- ).
    • t
    • Tytuł ujednolicony/tytuł (NP)
    • Samowychowanie Find
    • l
    • Język tekstu (NP)
    • (pol.)
    • 9
    • KHW
    • 580981
700 -Hasło dodatkowe - nazwa osobowa [1,2]
    • a
    • Nazwa osobowa (NP)
    • Michalski, Grzegorz Find
    • d
    • Daty biograficzne (NP)
    • (1956- ).
    • t
    • Tytuł ujednolicony/tytuł (NP)
    • Siła jest w tobie Find
    • l
    • Język tekstu (NP)
    • (pol.)
    • 9
    • KHW
    • 580982
700 -Hasło dodatkowe - nazwa osobowa [1,2]
    • a
    • Nazwa osobowa (NP)
    • Michalska, Iwonna. Find
    • t
    • Tytuł ujednolicony/tytuł (NP)
    • Zastanów się przez chwilę Find
    • l
    • Język tekstu (NP)
    • (pol.)
    • 9
    • KHW
    • 580983
710 -Hasło dodatkowe - nazwa ciała zbiorowego [2, ]
    • a
    • Nazwa ciała zbiorowego lub nazwa geograficzna jako pierwszy element (NP)
    • Harcerska Oficyna Wydawnicza (Kraków).
    • 4
    • Kod relacji
    • pbl
    • 9
    • KHW
    • 308022
Status udost. Numer inwentarzowy Data inwentaryzacji Lokalizacja
1Pd.197312008-11-28BG